| 000 -LEADER |
| fixed length control field |
00592nam a2200217Ia 4500 |
| 001 - CONTROL NUMBER |
| control field |
11889 |
| 003 - CONTROL NUMBER IDENTIFIER |
| control field |
GE_BSU |
| 008 - FIXED-LENGTH DATA ELEMENTS--GENERAL INFORMATION |
| fixed length control field |
181216s||||||||xx |||||||||||||| ||und|| |
| 040 ## - CATALOGING SOURCE |
| Transcribing agency |
GE_BSU |
| 080 ## - UNIVERSAL DECIMAL CLASSIFICATION NUMBER |
| Universal Decimal Classification number |
631(076.8) |
| 100 ## - MAIN ENTRY--PERSONAL NAME |
| Personal name |
Степанов,В.Н. |
| 245 ## - TITLE STATEMENT |
| Title |
Практикум по основам агрономии |
| 245 ## - TITLE STATEMENT |
| Remainder of title |
Учебник |
| 245 ## - TITLE STATEMENT |
| Statement of responsibility, etc. |
Ред.Л.М.Нефедорова |
| 260 ## - PUBLICATION, DISTRIBUTION, ETC. |
| Place of publication, distribution, etc. |
Москва |
| 260 ## - PUBLICATION, DISTRIBUTION, ETC. |
| Name of publisher, distributor, etc. |
Колос |
| 260 ## - PUBLICATION, DISTRIBUTION, ETC. |
| Date of publication, distribution, etc. |
1969 |
| 300 ## - PHYSICAL DESCRIPTION |
| Extent |
223стр.ил. |
| 653 ## - INDEX TERM--UNCONTROLLED |
| Uncontrolled term |
Практикум по основам агрономии |
| 942 ## - ADDED ENTRY ELEMENTS (KOHA) |
| Koha item type |
წიგნი |